000 00587nam a2200193Ia 4500
003 GCL
008 140319s9999 xx 000 0 ara d
040 _aGCL /
_cGCL
082 0 4 _a813.03
_bج ز
100 1 _aجمال الغيطانى
245 1 0 _aالزينى بركات /
_cجمال الغيطانى
260 _a[S.N] :
_bالهيئة المصرية العامة للكتاب ،
_c1993
300 _a352 ص
490 _aالاعمال الروائية
_v0
650 0 4 _aالادب العربى
650 0 4 _aالقصص العربية
650 0 4 _aمصر
942 _2ddc
_cBK
999 _c28326
_d28326